01477nam a2200229 i 450000500170000000800410001702000390005804000250009708200140012210000290013624500530016526400580021826400110027630000240028733600210031133700250033233800230035752007560038060000400113665000230117665000480119920211101122820.0211101t2020 -cn g ||0 0 eng d a9781525895951cRM 79.90qpaperback aPPAKbengcPPAKerda04223a813.61 aLittle, Juditheeauthor.14aTHE CHANEL SISTERS :bA novel /cJUDITHE LITTLE 1aToronto, Ontario, Canada : bGraydon House, c[2020]  4c©2020 a379 pages ;c23 cm. 2rdacontentatext 2rdamediaaunmediated 2rdacarrieravolume aThe unforgettable story of the sisters who changed fashion forever. Gabrielle and Antoinette know they're destined for something better. Abandoned to a convent orphanage, they are raised for simple lives. But at night they dream of a glittering future, and the Chanel sisters are determined to prove themselves worthy. Their journey propels Coco and Ninette out of poverty to performing in bohemian cafes and stylish music halls, and soon on to Paris and a small hat shop on the rue Cambon, where a boutique business takes hold and expands to the glamorous French resort towns. But when war breaks out, everything changes, and the Chanel sisters must navigate great loves, devastating losses and fight harder than ever to make their mark on the world.10aChanel, Coco,d1883-1971vFiction.  0aSisters vFiction. 0aFashion designerszFrancezParis vFiction.